Řízení tržních rizik pomocí value at risk - úskalí a problémy

Podstata obchodovania na finančných a kapitálových trhoch. Value at Risk ako základný stavebný kameň systému riadenia trhových rizík. Problémy spojené s využívaním VaR. Prehľad jednotlivých modelov, ktoré sú používané pre výpočet Value at Risk. Ich vzájomné porovnanie. Silné a slabé stránky.

Salvato in:
Dettagli Bibliografici
Autore principale: Strnad, Petr
Natura: Capitolo di libro
Lingua:ceco
Soggetti:
Tags: Aggiungi Tag
Nessun Tag, puoi essere il primo ad aggiungerne!!

MARC

LEADER 00000naa$a2200000$$$4500
001 0097215
005 20230918092424.2
041 0 |a cze 
044 |a SK 
245 1 0 |a Řízení tržních rizik pomocí value at risk - úskalí a problémy  |c Petr Strnad 
520 |a Podstata obchodovania na finančných a kapitálových trhoch. Value at Risk ako základný stavebný kameň systému riadenia trhových rizík. Problémy spojené s využívaním VaR. Prehľad jednotlivých modelov, ktoré sú používané pre výpočet Value at Risk. Ich vzájomné porovnanie. Silné a slabé stránky. 
610 2 0 |a metóda Value at Risk 
610 2 0 |a riadenie rizík 
610 2 0 |a trh finančný 
610 2 0 |a trh kapitálový 
610 2 0 |a risk management 
100 1 |a Strnad, Petr